00357nam a22001337a 450000500170000000800410001702000080005804000140006608200130008024500220009326000460011530000340016149000280019520231030120438.0231030b sa ||||| |||| 00| 0 eng d qhbk ardac3228 aEKF POLD aPoldy and friends a[No place of Publication]bWorld Book Inc bColoured Illustrationsc15 cm aEarly world of learning